Los cinco sentidos del periodista : (Registro nro. 42778)
[ vista simple ]
| 000 -CABECERA | |
|---|---|
| campo de control de longitud fija | 00744nam a2200193 a 4500 |
| 001 - NÚMERO DE CONTROL | |
| campo de control | 000043289 |
| 005 - FECHA Y HORA DE LA ÚLTIMA TRANSACCIÓN | |
| campo de control | 20201002040807.0 |
| 008 - DATOS DE LONGITUD FIJA--INFORMACIÓN GENERAL | |
| campo de control de longitud fija | 140304s2005 sp ac 000 0 spa d |
| 020 ## - NÚMERO INTERNACIONAL ESTÁNDAR DEL LIBRO | |
| Número Internacional Estándar del Libro | 9681670914 |
| 040 ## - FUENTE DE LA CATALOGACIÓN | |
| Centro catalogador/agencia de origen | DO-SdBNP |
| Lengua de catalogación | spa |
| Centro/agencia transcriptor | BNPHU |
| 100 1# - ENTRADA PRINCIPAL--NOMBRE DE PERSONA | |
| Nombre de persona | Kapuscinski, Ryszard |
| 9 (RLIN) | 70913 |
| 245 14 - MENCIÓN DE TÍTULO | |
| Título | Los cinco sentidos del periodista : |
| Resto del título | (estar, ver, oir, compartir, pensar) / |
| Mención de responsabilidad, etc. | Ryszard Kapuscinski; prólogo Tomás Eloy Martínez. |
| 260 ## - PUBLICACIÓN, DISTRIBUCIÓN, ETC. | |
| Lugar de publicación, distribución, etc. | Madrid : |
| Nombre del editor, distribuidor, etc. | Fondo de Cultura Económica |
| -- | Fundación Nuevo Periodismo Iberoamericano, |
| Fecha de publicación, distribución, etc. | 2005. |
| 300 ## - DESCRIPCIÓN FÍSICA | |
| Extensión | 90 p. : |
| Otras características físicas | il., retr. ; |
| Dimensiones | 26 cm. |
| 490 1# - MENCIÓN DE SERIE | |
| Mención de serie | Nuevo periodismo |
| 490 1# - MENCIÓN DE SERIE | |
| Mención de serie | Libros del taller |
| 700 1# - PUNTO DE ACCESO ADICIONAL--NOMBRE DE PERSONA | |
| Nombre de persona | Eloy Martínez, Tomás |
| Término indicativo de función/relación | prol. |
| 9 (RLIN) | 70914 |
| 830 #0 - PUNTO DE ACCESO ADICIONAL DE SERIE-TÍTULO UNIFORME | |
| Título uniforme | Nuevo Periodismo |
| Nombre de parte o sección de la obra | Libros del taller |
| 9 (RLIN) | 70915 |
| Estado de retiro | Estado de pérdida | Restricciones de uso | No para préstamo | Código de colección | Localización permanente | Ubicación/localización actual | Ubicación en estantería | Fecha de adquisición | Número de inventario | Total de préstamos | Signatura topográfica completa | Código de barras | Fecha visto por última vez | Precio válido a partir de | Tipo de ítem Koha |
|---|---|---|---|---|---|---|---|---|---|---|---|---|---|---|---|
| Excluido de préstamo | Monografías: Libros y Folletos | General | General | En catalogación | 04.03.2014 | LF1 | 43289-10 | 25.06.2020 | 25.06.2020 | No se presta |
